| 000 | 00863nam a2200253 i 4500 | ||
|---|---|---|---|
| 001 | 175352 | ||
| 003 | ES-MaACL | ||
| 005 | 20251218174558.0 | ||
| 007 | t| | ||
| 008 | 101025s1971 sp o r ||||1| spa d | ||
| 080 | _a75 Tàpies, Antoni | ||
| 080 | _a929 Tàpies, Antoni | ||
| 100 | 1 |
_aGasch, Sebastià ( _d1897-1980) _955838 |
|
| 245 | 1 | 0 |
_aTápies / _cSebastián Gasch. |
| 260 |
_aMadrid : _bDirección General de Bellas Artes, _c1971. |
||
| 300 |
_a80 p. : _bfot. col. y n. ; _c17 cm. |
||
| 490 | 1 |
_aArtistas españoles contemporáneos. Pintores ; _v24 |
|
| 504 | _aBibliografía: p. 79-80. | ||
| 600 | 0 | 4 |
_aTàpies, Antoni. _9109252 |
| 710 | 1 |
_aEspaña. _bDirección General de Bellas Artes. _93704 |
|
| 830 | 0 |
_aArtistas españoles contemporáneos. Pintores _v24 _9189664 |
|
| 852 |
_aES-MaACL _j2261-F-24 _xOlim P-1916 |
||
| 999 |
_c175352 _d175352 |
||